| 000 | 00823nam a2200253 4500 | ||
|---|---|---|---|
| 003 | OSt | ||
| 005 | 20240627022644.0 | ||
| 006 | a | ||
| 008 | 240627b |||||||| |||| 00| 0 eng d | ||
| 020 | _a9780738214603 | ||
| 040 |
_aDWCL-HMN lib. _cOC |
||
| 082 |
_2First De Capo Press edition _aCirc. 618.2 B677m 2011 |
||
| 100 | _aBohn, Yvonne | ||
| 245 | _aThe mommy doc’s ultimate guide to pregnancy and birth / | ||
| 250 | _aFirst De Capo Press edition | ||
| 260 |
_aCambridge, MA : _bDe Capo Lifelong, _cc2011. |
||
| 300 |
_axi, _b526 p. : ill. ; _c24 cm. |
||
| 504 | _aIncludes bibliographical references & index. | ||
| 650 | _a1. Pregnancy. | ||
| 650 | _a2. Childbirth. | ||
| 650 | _a3. Newborn infants-care. | ||
| 650 | _a4. Infants-care. | ||
| 942 |
_2ddc _n0 _cBK-CIRC _eFirst De Capo Press edition _kCirc. |
||
| 999 |
_c1459 _d1459 |
||